000 00557nam a2200157 a 4500
008 120416s1969 ||||||||||||||||| || u
050 _aHF 5667 Smi
100 _aSmith, Alexander Clark
245 1 0 _aInternal control and auditing
_cedited by Alec G. Russell
250 _a2nd ed.
260 _aLondon
_bPitman
_c1969
350 _a0.00
700 _aDe Paula, Clive F
700 _aRussell, Alec G
995 _D0.00
_FCBU-MAIN LIBRARY (Kitwe)
_H1
_I0.00
_M1
_UAVAILABLE
_ZAnnex Low-Usage Collection
999 _c47263
_d47263